000 00467nam a2200157 i 4500
001 26036
003 ES-MaACL
005 20230906153357.0
007 t|
008 030107s1971 sp ||||1| spa d
100 1 _aArteche, José de.
_923442
245 1 3 _aEl gran asombro /
_cJosé de Arteche.
260 _a[San Sebastián :
_bSociedad Guipuzcoana de Ediciones y Publicaciones,
_c1971]
300 _a227 p. :
_bil. ;
_c20 cm.
852 _aES-MaACL
_jC-40136
_bR.79553
999 _c26036
_d26036